Rekodifikácia občianskeho zákonníka a jej vzťah k obchodnému zákonníku

Občiansky zákonník a jeho novelizácia. Hospodársky zákonník. Prebudovanie záväzkového práva od základov. Vzťah obchodného zákonníka a občianskeho zákonníka. Vzorové zmluvy. Kodifikácia občianskeho zákonníka.

Gespeichert in:
Bibliographische Detailangaben
1. Verfasser: Plank, K.
Format: Buchkapitel
Sprache:Slowakisch
Schlagworte:
Tags: Tag hinzufügen
Keine Tags, Fügen Sie das erste Tag hinzu!

MARC

LEADER 00000naa a2200000 4500
001 r023462
005 20230728074021.7
041 0 |a slo 
044 |a SK 
245 1 0 |a Rekodifikácia občianskeho zákonníka a jej vzťah k obchodnému zákonníku  |c K. Plank 
520 |a Občiansky zákonník a jeho novelizácia. Hospodársky zákonník. Prebudovanie záväzkového práva od základov. Vzťah obchodného zákonníka a občianskeho zákonníka. Vzorové zmluvy. Kodifikácia občianskeho zákonníka. 
610 2 0 |a zákonník občiansky 
610 2 0 |a zákonník obchodný 
610 2 0 |a občania 
610 2 0 |a vzťahy občianskoprávne 
610 2 0 |a Slovensko 
610 2 0 |a novelizácia 
610 2 0 |a vzťahy pracovnoprávne 
610 2 0 |a kodifikácia práva 
610 2 0 |a právo vlastnícke 
100 1 |a Plank, K.